Brands by Pictures #2 - Statistics

General Stats
  • This quiz has been taken 5 times
  • The average score is 11 of 16
Answer Stats
Picture Answer % Correct
Apple
100%
Audi
100%
Gatorade
100%
Hyundai
100%
McDonald's
100%
Microsoft
100%
Nike
100%
Peugeot
100%
Red Bull
100%
New Balance
80%
McLaren
40%
Blackberry
20%
Electrolux
20%
Lotte
20%
Pocari Sweat
20%
Ubisoft
20%
No matching quizzes found
Score Distribution
Percent of People with Each Score
Percentile by Number Answered
Your Score History
You have not taken this quiz